[Event "Bad Woerishofen op"]
[Site "Bad Woerishofen"]
[Date "2001.??.??"]
[Round "7"]
[White "Bartels, Holger"]
[Black "Saenger, Thomas"]
[Result "1-0"]
[WhiteElo "2176"]
[BlackElo "1997"]
[Annotator "ChessOrg"]
[PlyCount "79"]
[EventDate "1998.03.05"]
[Source "ChessBase"]
[SourceDate "1998.04.29"]

1. e4 {B32: Sizilianisch (Loewenthal-Variante)} 1... c5 2. Nf3 Nc6 3. d4 cxd4
4. Nxd4 e5 5. Nb5 d6 6. N1c3 a6 7. Na3 b5 8. Nd5 Be7 9. c3 {letzter Buchzug}
9... Nf6 10. Bd3 O-O 11. O-O Rb8 12. Nc2 a5 13. Nce3 Be6 14. Qe2 b4 15. Bd2 g6
16. f3 Re8 17. Rfd1 (17. Nxe7+ $143 17... Rxe7 18. Rfd1 bxc3 19. Bxc3 d5 20.
exd5 Nxd5 21. Nxd5 21... Qxd5 $14) 17... Bxd5 18. Nxd5 (18. exd5 bxc3 19. bxc3
19... Na7 $14) 18... Nxd5 19. exd5 Na7 20. Be3 Qd7 21. c4 Bf8 22. Qf2 Nc8 23.
c5 (23. Re1 23... Bg7 $14) 23... dxc5 $11 24. Bxc5 Nd6 (24... Bxc5 25. Qxc5 Rd8
26. Qxa5 Qxd5 27. Qxd5 Rxd5 28. a4 bxa3 29. bxa3 $14) 25. a4 (25. Rac1 25...
Rbc8 $14) 25... Rec8 26. Ba6 $4 (26. Ba7 Nc4 27. Bxc4 Rxc4 28. Be3 $15 (28.
Bxb8 $143 28... Bc5 $17)) 26... Ne4 $1 $19 27. Bxc8 (27. fxe4 27... Bxc5 $19)
27... Rxc8 28. Qe2 Bxc5+ 29. Kf1 Nd6 30. Rac1 Qf5 (30... Bd4 $5 $19 $142) 31.
g4 Qf4 32. Kg2 f5 33. h3 h5 34. gxh5 gxh5 35. Rc2 Kf7 36. Kh1 e4 (36... Qh4 37.
Qh2 $19) 37. Rdc1 Rg8 38. Rxc5 38... Kf6 $4 (38... Rg3 39. Rc7+ 39... Kf6 $19)
39. Rc7 $4 (39. Rg1 Rxg1+ 40. Kxg1 exf3 41. Qe6+ Kg5 42. Qe7+ (42. Rxa5 $4
42... Qg3+ 43. Kf1 Qg2+ 44. Ke1 f2+ 45. Kd1 f1=Q+ 46. Qe1 Qd3+ 47. Qd2+ Qgxd2#)
42... Kg6 43. Kf1 $16) 39... Rg3 $19 40. Qf1 (40. Qf1 Qh4 41. Kh2 Rxf3 42. Qg2
$19) 1-0

[Event "Bad Woerishofen op"]
[Site "Bad Woerishofen"]
[Date "2001.??.??"]
[Round "9"]
[White "Bartels, Holger"]
[Black "Theussl, Manfred"]
[Result "1/2-1/2"]
[WhiteElo "2176"]
[BlackElo "1836"]
[Annotator "ChessOrg"]
[PlyCount "24"]
[EventDate "1998.03.05"]
[Source "ChessBase"]
[SourceDate "1998.04.29"]

1. e4 {C06: Franzoesische Verteidigung (Tarrasch-Variante)} 1... e6 2. d4 d5 3.
Nd2 Nf6 4. e5 Nfd7 5. Bd3 c5 6. c3 Nc6 7. Ne2 cxd4 8. cxd4 Qb6 9. Nf3 f6 10.
exf6 Nxf6 11. O-O Bd6 12. Nc3 12... O-O {letzter Buchzug} 1/2-1/2

[Event "Bad Woerishofen op"]
[Site "?"]
[Date "2001.??.??"]
[Round "1"]
[White "Becker, Alexander"]
[Black "Hahn, Guenter"]
[Result "1/2-1/2"]
[WhiteElo "1760"]
[BlackElo "2172"]
[Annotator "ChessOrg"]
[PlyCount "115"]
[EventDate "2000.??.??"]

1. e4 {C12: Franzoesische Verteidigung (MacCutcheon-Variante)} 1... e6 2. d4 d5
3. Nc3 Nf6 4. Bg5 Bb4 5. e5 h6 6. Bd2 Bxc3 7. bxc3 Ne4 8. Qg4 g6 9. Bd3 Nxd2
10. Kxd2 c5 11. h4 Nc6 12. Qf4 Qa5 13. Nf3 cxd4 14. Nxd4 Nxd4 15. Qxd4 Bd7 16.
Rab1 {letzter Buchzug} 16... Qc7 17. h5 g5 18. f4 gxf4 19. Qxf4 Rg8 20. g4 Bc6
21. Rhf1 O-O-O 22. Qd4 a6 23. Rf6 Rg5 24. Rxh6 Rxe5 25. Rf1 Re4 26. Qg1 Ra4 27.
Qa7 Rxg4 28. Qa8+ Qb8 29. Qxb8+ Kxb8 30. Rxf7 d4 (30... Rg2+ 31. Ke3 e5 32. Re7
$16) 31. Rf2 (31. cxd4 Rgxd4 32. Ke3 R4d7 33. Rxd7 33... Bxd7 $16) 31... e5 32.
cxd4 Rgxd4 33. Kc1 e4 34. Be2 e3 35. Rh2 Rd2 36. Re6 Ba4 37. Re4 (37. Rxe3 $5
$142 37... Rxc2+ 38. Kb1 $11) 37... Rxc2+ $19 38. Kb1 Rdd2 39. Rxa4 Rb2+ 40.
Kc1 $4 (40. Ka1 $15) 40... Rbc2+ (40... Rdc2+ $142 41. Kd1 41... Rc3 $19) 41.
Kb1 $15 41... Rb2+ (41... Rxe2 $142 42. Rxe2 42... Rxe2 $17) 42. Kc1 $19 42...
Rxe2 $4 (42... Rdc2+ $142 43. Kd1 43... Rc3 $19) 43. Rxe2 $17 43... Rxe2 44. h6
(44. Rh4 $5 44... Rxa2 45. Kd1 $11) 44... Rh2 $17 45. Re4 e2 46. h7 Rh1+ 47.
Kb2 Rxh7 48. Rxe2 b5 49. Kb3 Kb7 50. Re6 Rh3+ 51. Kb4 Rh4+ 52. Kb3 Rc4 53. a3
Rc6 (53... a5 $17 $142) 54. Rxc6 $11 54... Kxc6 55. a4 Kc5 56. axb5 axb5 57.
Kc3 b4+ 58. Kb3 1/2-1/2

[Event "Bad Woerishofen op"]
[Site "Bad Woerishofen"]
[Date "2001.??.??"]
[Round "3"]
[White "Becker, Alexander"]
[Black "Buchner, Rudolf"]
[Result "0-1"]
[WhiteElo "1760"]
[BlackElo "2200"]
[Annotator "ChessOrg"]
[PlyCount "80"]
[EventDate "1998.03.05"]
[Source "ChessBase"]
[SourceDate "1998.04.29"]

1. e4 {C32: Falkbeer-Gegengambit} 1... e5 2. f4 d5 3. exd5 e4 4. d3 Nf6 5. dxe4
Nxe4 6. Nf3 Bc5 7. Qe2 Qe7 8. Be3 Bxe3 9. Qxe3 9... O-O {letzter Buchzug} 10.
Nbd2 Re8 11. O-O-O Nxd2 12. Qxe7 Nb3+ 13. axb3 (13. cxb3 Rxe7) 13... Rxe7 14.
Bd3 h6 15. Rhe1 Rxe1 16. Rxe1 (16. Nxe1 $6 16... Bg4 17. Rd2 17... Nd7 $16)
16... Kf8 17. Nd4 a6 18. b4 Nd7 19. c4 Nf6 20. Kd2 Bd7 21. Kc3 Rd8 22. Bf5 Be8
23. Be4 Bd7 24. Bf3 Bc8 25. h3 h5 26. Re5 g6 27. Re1 Rd6 28. Nc2 h4 29. c5 (29.
Nd4 $5 $16 $142) 29... Nxd5+ $11 30. Kc4 b5+ 31. Kd4 $2 (31. Kb3 $142 31... Rd8
32. Bxd5 Rxd5 33. Kc3 $15) 31... Nxb4+ $19 32. Kc3 Nxc2 (32... Na2+ 33. Kb3
Be6+ 34. Ka3 Rd3+ 35. b3 $19) 33. Kxc2 Rd4 34. b3 Rxf4 35. Kc3 (35. Kd2 $19
$142) 35... Bxh3 $1 36. Bb7 b4+ 37. Kd3 Be6 38. Bxa6 Bxb3 39. Ke3 g5 40. Rb1
Bd5 (40... Bd5 41. Rb2 41... Ke7 $19) 0-1

[Event "Bad Woerishofen op"]
[Site "Bad Woerishofen"]
[Date "2001.??.??"]
[Round "5"]
[White "Becker, Alexander"]
[Black "Hamlack, Heinz"]
[Result "1-0"]
[WhiteElo "1760"]
[BlackElo "1916"]
[Annotator "ChessOrg"]
[PlyCount "67"]
[EventDate "1998.03.05"]
[Source "ChessBase"]
[SourceDate "1998.04.29"]

1. e4 {B86: Sizilianisch (Sosin-Angriff)} 1... c5 2. Nf3 d6 3. d4 cxd4 4. Nxd4
Nf6 5. Nc3 a6 6. Bc4 e6 7. Bb3 Be7 8. g4 h6 9. Be3 Nc6 10. Rg1 Qa5 11. f3 {
letzter Buchzug} 11... Bd7 12. Qd2 Rc8 13. O-O-O Ne5 (13... Nxd4 14. Bxd4 Bc6
15. g5 hxg5 16. Rxg5 $11) 14. h4 $14 14... Nc4 (14... Ng6 15. g5 hxg5 16. hxg5
$11) 15. Bxc4 Rxc4 16. g5 hxg5 17. hxg5 Ng8 18. Rh1 Rxh1 19. Rxh1 g6 20. Rh8
Kf8 21. f4 Rxc3 22. bxc3 22... d5 $4 (22... e5 $142 23. Qh2 Bxg5 24. fxg5 24...
Qxc3 $18) 23. Qh2 Ba3+ 24. Kd2 Bb2 (24... Ke7 25. Rxg8 25... Be8 $18) 25. Ne2 (
25. Qh6+ Ke7 26. Rxg8 Qxc3+ 27. Kd1 $18) 25... Bb5 (25... Bxc3+ 26. Nxc3 Ke7
27. Rxg8 27... dxe4 $18) 26. Bc5+ Ke8 27. Rxg8+ (27. f5 Bxc3+ 28. Nxc3 Qxc3+
29. Kxc3 d4+ 30. Kxd4 e5+ 31. Qxe5+ Kd7 32. Rxg8 gxf5 33. Qd6#) 27... Kd7 28.
Bb4 (28. f5 Bxc3+ 29. Nxc3 Qc7 30. fxe6+ Kxe6 31. Qxc7 dxe4 32. Qe7+ Kf5 33.
Qxe4+ Kxg5 34. Be3+ Kh5 35. Rh8#) 28... Qc7 29. exd5 Qc4 30. dxe6+ Qxe6 31. Qf2
(31. Nd4 $142 31... Qg4 32. Nxb5 axb5 33. Qf2 Bxc3+ 34. Kxc3 $18) 31... Bxe2 (
31... Qd5+ 32. Nd4 32... Bc4 $18) 32. Qd4+ Kc7 33. Qc5+ Kd7 (33... Qc6 34. Qe5+
Kb6 35. Ba5+ Ka7 36. Qb8#) 34. Qc8# 1-0

[Event "Bad Woerishofen op"]
[Site "Bad Woerishofen"]
[Date "2001.??.??"]
[Round "7"]
[White "Becker, Alexander"]
[Black "Rau, Uwe"]
[Result "1-0"]
[WhiteElo "1760"]
[BlackElo "2164"]
[Annotator "ChessOrg"]
[PlyCount "49"]
[EventDate "1998.03.05"]
[Source "ChessBase"]
[SourceDate "1998.04.29"]

1. e4 {B86: Sizilianisch (Sosin-Angriff)} 1... c5 2. Nf3 d6 3. d4 cxd4 4. Nxd4
Nf6 5. Nc3 a6 6. Bc4 e6 7. Bb3 Nbd7 8. f4 Qc7 9. Qe2 {letzter Buchzug} 9... Nc5
10. e5 Nxb3 11. axb3 dxe5 12. fxe5 Nd7 13. Bf4 b6 14. O-O-O (14. Ncb5 $5 $142
14... Qb7 15. Nd6+ Bxd6 16. exd6 $14) 14... Bb7 $15 15. Rhf1 Bb4 (15... Rd8 16.
Nf5 $11) 16. Ne4 (16. Qg4 g6 17. Nxe6 fxe6 18. Qxe6+ Be7 19. Be3 $18) 16...
O-O-O (16... Bxe4 $142 17. Qxe4 17... Rc8 $15) 17. Nd6+ $16 17... Bxd6 18. exd6
Qc5 19. Be3 Qe5 (19... Qd5 $5 $142 20. Nf5 Qe5 21. Qc4+ 21... Kb8 $14) 20. Rxf7
$18 20... Rhf8 21. Qc4+ 21... Nc5 $4 (21... Kb8 $142 22. Bf4 Qc5 23. Qxe6 Rxf7
24. Qxf7 24... Qc8 $18) 22. Bf4 (22. d7+ $5 $142 22... Kb8 23. Bf4 Qxf4+ 24.
Rxf4 Rxf4 25. Nc6+ Bxc6 26. Qxf4+ 26... Kb7 $18) 22... Qxf4+ 23. Rxf4 Rxf4 24.
b4 e5 (24... Bd5 25. Qc3 e5 26. Nf5 $18) 25. bxc5 (25. bxc5 Kb8 26. cxb6 $18)
1-0

[Event "Bad Woerishofen op"]
[Site "Bad Woerishofen"]
[Date "2001.??.??"]
[Round "9"]
[White "Becker, Alexander"]
[Black "Dittmar, Peter"]
[Result "0-1"]
[WhiteElo "1760"]
[BlackElo "2339"]
[Annotator "ChessOrg"]
[PlyCount "64"]
[EventDate "1998.03.05"]
[Source "ChessBase"]
[SourceDate "1998.04.29"]

1. e4 {C10: Franzoesische Verteidigung (Rubinstein-Variante)} 1... e6 2. d4 d5
3. Nc3 a6 4. Nf3 {letzter Buchzug} 4... Nf6 5. Bg5 Be7 6. e5 Nfd7 7. h4 c5 8.
Bxe7 Qxe7 9. h5 (9. Ne2 cxd4 10. Qxd4 10... Nc6 $15) 9... Nc6 $15 10. h6 g6 11.
Qd2 cxd4 12. Nxd4 Ndxe5 13. O-O-O O-O 14. f4 Nd7 15. g4 Nxd4 (15... Qb4 16. Nb3
$17) 16. Qxd4 $15 16... Qf6 17. Qe3 b5 18. Bh3 Bb7 19. g5 Qd8 20. Qd4 e5 21.
fxe5 Qxg5+ 22. Kb1 Nxe5 23. Nxd5 (23. Rhe1 23... f6 $17) 23... Bxd5 24. Qxd5
Rad8 25. Qe4 (25. Qc5 Qf6 26. Qb4 Rxd1+ 27. Rxd1 27... Nc4 $17) 25... Nc4 $19
26. Qe2 Rxd1+ (26... Qe3 27. Qh2 $19) 27. Rxd1 Qxh6 28. Bg2 (28. Bf1 Qe3 29.
Qg2 Qe5 30. Bxc4 30... bxc4 $19) 28... Qe3 29. Qg4 (29. Re1 Qxe2 30. Rxe2 30...
Rd8 $19) 29... Qe5 (29... Qf2 30. Be4 Ne3 31. Qg1 Nxd1 32. Qxd1 $19) 30. c3 (
30. Qd4 $19) 30... Ne3 31. Qe2 Qf5+ 32. Rd3 (32. Kc1 Nxd1 33. Qxd1 $19) 32...
Nxg2 (32... Nxg2 33. Qf3 33... Nf4 $19) 0-1

[Event "Bad Woerishofen op"]
[Site "?"]
[Date "2001.??.??"]
[Round "1"]
[White "Becker, Thomas"]
[Black "Schwab, Rolf"]
[Result "1-0"]
[WhiteElo "2178"]
[BlackElo "1800"]
[Annotator "ChessOrg"]
[PlyCount "65"]
[EventDate "2000.??.??"]

1. e4 {B50: Sizilianisch (Verschiedenes mit 2...d6)} 1... c5 2. Nf3 d6 3. g3
Nc6 4. Bg2 g6 5. O-O Bg7 6. Re1 {letzter Buchzug} 6... e5 7. c3 Nge7 8. Na3 O-O
9. Nc2 f5 10. d4 (10. d3 10... f4 $11) 10... fxe4 $15 11. Rxe4 d5 12. Re1 (12.
Rxe5 Nxe5 13. Nxe5 cxd4 14. cxd4 14... Be6 $17) 12... cxd4 13. cxd4 e4 14. Ne5
Nxe5 15. dxe5 Bxe5 16. f3 exf3 17. Bxf3 Qb6+ 18. Kg2 Qe6 (18... Qf6 19. Nb4 d4
20. Bh6 $17) 19. Kh1 (19. Bg5 $5 19... d4 20. Bxe7 Qxe7 21. Nxd4 $15) 19... Qd6
20. Bg5 20... Nf5 $4 (20... Bf6 $142 21. Bf4 21... Qd7 $15) 21. Qxd5+ $18 21...
Kg7 22. Qxe5+ (22. Rxe5 $5 $142 22... Qb6 $18) 22... Qxe5 23. Rxe5 Nxg3+ 24.
Kg2 (24. hxg3 Rxf3) 24... Nf5 25. Ne3 Nd6 (25... h6 26. Nxf5+ Rxf5 27. Rxf5
27... Bxf5 $18) 26. Be7 Bh3+ 27. Kg3 Nf5+ (27... Rxf3+ 28. Kxf3 28... Nf7 $18)
28. Kxh3 Nxe7 29. Rxe7+ Kh6 (29... Rf7 30. Rxf7+ Kxf7 31. Bxb7 31... Rb8 $18)
30. Kg3 Rad8 (30... Rxf3+ 31. Kxf3 31... Rh8 $18) 31. Ng4+ Kg5 (31... Kh5 32.
Rxh7+ Kg5 33. h4+ Kf5 34. Re7 Rd1 35. Be4#) 32. h4+ Kf5 33. Re5# (33. Be4#) 1-0

[Event "Bad Woerishofen op"]
[Site "Bad Woerishofen"]
[Date "2001.??.??"]
[Round "3"]
[White "Becker, Thomas"]
[Black "Moehring, Norbert"]
[Result "1-0"]
[WhiteElo "2178"]
[BlackElo "1905"]
[Annotator "ChessOrg"]
[PlyCount "73"]
[EventDate "1998.03.05"]
[Source "ChessBase"]
[SourceDate "1998.04.29"]

1. e4 {C26: Wiener Partie} 1... e5 2. Nc3 Nf6 3. g3 d5 4. exd5 Nxd5 5. Bg2 Nxc3
6. bxc3 Bc5 7. d3 O-O 8. Nf3 8... e4 {letzter Buchzug} 9. Ne5 f6 10. Nc4 exd3
11. cxd3 Qe7+ 12. Ne3 c6 13. O-O f5 (13... Qf7 14. d4 Bd6 15. f4 $11) 14. d4
Bb6 15. Nc4 Qf6 16. Nxb6 axb6 17. Qb3+ Be6 18. Qxb6 f4 (18... Qf7 $5 $16 $142)
19. Bxf4 $18 19... Bc4 20. Rfe1 (20. Qxb7 $143 20... Bxf1 21. Rxf1 Rxa2 22.
Bxb8 22... Rxf2 $18) 20... g5 (20... Qf7 21. Rab1 g5 22. Be3 Bxa2 23. Qxb7 Bxb1
24. Qxa8 $18 (24. Qxb1 $6 24... Ra5 $16) (24. Rxb1 $6 24... Qxb7 25. Rxb7 25...
h6 $16)) 21. Be3 (21. Qxb7 $5 21... Rxa2 22. Be4 Qf7 23. Qxf7+ Bxf7 24. Rxa2
Bxa2 25. Bxg5 25... Bd5 $18) 21... Rf7 (21... Qf7 22. Rab1 Bxa2 23. Qxb7 Bxb1
24. Qxa8 $18 (24. Qxb1 $6 24... Ra5 $16) (24. Rxb1 $6 24... Qxb7 25. Rxb7 25...
h6 $16)) 22. Qc5 Ra4 23. Qxg5+ Qxg5 24. Bxg5 Nd7 25. Bh6 Rf6 26. Bg5 (26. Re7
Rxh6 27. Rxd7 27... b5 $18) 26... Rf7 27. Bh3 Kg7 28. Be6 Bxe6 29. Rxe6 Rf3 30.
h4 Nb6 (30... Nf8 31. Re7+ Rf7 32. Bh6+ Kf6 33. Bxf8 Rxe7 34. Bxe7+ Kxe7 35.
Kf1 $18) 31. Re7+ (31. Rb1 $5 31... Ra6 32. Bd8 Nc4 33. Rxb7+ 33... Kg8 $18)
31... Kg6 32. Rae1 Nd5 33. R1e6+ Kh5 (33... Kf5 34. Re5+ Kg4 35. Re4+ Kh3 36.
h5 Rxg3+ 37. fxg3 Nxe7 38. Bxe7 Kxg3 39. Bd6+ Kf3 40. Re7 $18) 34. Rxh7+ (34.
Kg2 Kg4 35. Re4+ Rf4 36. f3+ Kf5 37. R7e5+ Kg6 38. gxf4 38... Kg7 $18) 34...
Kg4 35. Kg2 Rxc3 36. Bd2 Rd3 (36... Kf5 37. Rhh6 Rxg3+ 38. fxg3 38... Rxd4 $18)
37. Re5 (37. Re5 Rxg3+ 38. fxg3 Ne3+ 39. Bxe3 Rxa2+ 40. Bf2 Rxf2+ 41. Kxf2 Kh3
42. h5 b5 43. Re4 b4 44. Rh4#) 1-0

[Event "Bad Woerishofen op"]
[Site "Bad Woerishofen"]
[Date "2001.??.??"]
[Round "5"]
[White "Becker, Thomas"]
[Black "Hartoch, Robert"]
[Result "0-1"]
[WhiteElo "2178"]
[BlackElo "2319"]
[Annotator "ChessOrg"]
[PlyCount "86"]
[EventDate "1998.03.05"]
[Source "ChessBase"]
[SourceDate "1998.04.29"]

1. e4 {B06: Moderne Verteidigung} 1... g6 2. d4 Bg7 3. Nc3 c6 4. Nf3 d6 5. Be2
Nd7 6. O-O Qc7 7. a4 Ngf6 8. h3 O-O 9. Be3 b6 10. Qd2 Bb7 11. Bh6 Rad8 12. Rfe1
e5 13. Qg5 13... Nh5 {letzter Buchzug} 14. Bxg7 Kxg7 15. dxe5 (15. g3 h6 16.
Qe3 c5 17. dxc5 17... dxc5 $11) 15... dxe5 16. g3 h6 17. Qe3 Nc5 18. a5 Nf6 19.
axb6 axb6 20. Ra7 Ra8 21. Rxa8 Rxa8 22. Rd1 Bc8 23. Kh2 Be6 24. Ne1 Rd8 25.
Rxd8 Qxd8 26. Nf3 Qd6 27. Qd2 Qxd2 28. Nxd2 b5 29. f3 Ne8 30. Nd1 Nd6 31. h4 f5
32. Nf2 Kf6 33. Nd3 Nxd3 34. Bxd3 f4 35. gxf4 exf4 36. e5+ (36. b4 36... Nf7
$15) 36... Kxe5 37. Bxg6 Kd4 38. Kg2 Ke3 39. Nf1+ Ke2 40. Nh2 Nf5 41. Bxf5 Bxf5
42. h5 b4 43. c3 b3 (43... b3 44. Nf1 44... Kd1 $19) 0-1

[Event "Bad Woerishofen op"]
[Site "Bad Woerishofen"]
[Date "2001.??.??"]
[Round "7"]
[White "Becker, Thomas"]
[Black "Trifunovic, Dusan"]
[Result "1-0"]
[WhiteElo "2178"]
[BlackElo "2063"]
[Annotator "ChessOrg"]
[PlyCount "39"]
[EventDate "1998.03.05"]
[Source "ChessBase"]
[SourceDate "1998.04.29"]

1. e4 {C25: Wiener Partie} 1... e5 2. Nc3 Bc5 3. Nf3 d6 4. Na4 4... Nd7 {
letzter Buchzug} 5. Nxc5 Nxc5 6. d4 exd4 7. Qxd4 Ne6 8. Qe3 Ne7 9. Bd2 O-O 10.
O-O-O Qe8 11. Kb1 d5 (11... Qa4 12. Bc3 $14) 12. Bc3 c6 13. h4 dxe4 14. Qxe4
Nd5 15. Be5 Qd8 16. Bc4 Qb6 (16... Nc5 $5 17. Qd4 17... Ne6 $14) 17. Ng5 $16
17... f5 18. Qf3 Nxg5 (18... g6 19. Bxd5 cxd5 20. Qxd5 20... Rd8 $18) 19. hxg5
g6 (19... Re8 20. Bd4 20... Qb4 $18) 20. Rxd5 (20. Rxd5 cxd5 21. Qxd5+ Be6 22.
Qxe6+ Qxe6 23. Bxe6+ Rf7 24. Bxf7+ Kxf7 25. Rxh7+ Ke6 26. Bf4 $18) 1-0

[Event "Bad Woerishofen op"]
[Site "Bad Woerishofen"]
[Date "2001.??.??"]
[Round "9"]
[White "Becker, Thomas"]
[Black "Minnaar, Michelle"]
[Result "1-0"]
[WhiteElo "2178"]
[BlackElo "2029"]
[Annotator "ChessOrg"]
[PlyCount "51"]
[EventDate "1998.03.05"]
[Source "ChessBase"]
[SourceDate "1998.04.29"]

1. e4 {B71: Sizilianisch (Drachen-Variante)} 1... c5 2. Nf3 d6 3. d4 cxd4 4.
Nxd4 Nf6 5. Nc3 g6 6. f4 Nc6 7. Nb3 Bg7 8. Be2 O-O 9. g4 {letzter Buchzug} 9...
Ne8 10. Be3 f5 11. gxf5 gxf5 12. Qd5+ (12. Rg1 $5 $11) 12... e6 $15 13. Qd2
fxe4 14. Nxe4 Qh4+ 15. Nf2 Bxb2 16. Rg1+ Kh8 17. Rb1 Bg7 (17... Qxh2 $2 18. Ng4
Qh3 19. Rxb2 $18) 18. Na5 Nxa5 19. Qxa5 b6 20. Rxb6 Nc7 (20... Qxh2 $142 21.
Ng4 Qh4+ 22. Kd2 22... Nf6 $15) 21. Rxd6 $16 21... Nd5 22. Rxd5 (22. Bxa7 Qxf4
23. Rxg7 23... Kxg7 $19) 22... exd5 23. Rxg7 (23. Qxd5 $6 23... Bc3+ (23...
Qxh2 24. Rxg7 Qh6 25. Re7 Qf6 26. Bd4 Be6 27. Qh5 Bf5 28. Qxf5 Rf7 29. Bxf6+
Kg8 30. Qe6 Raf8 31. Qg4+ Rg7 32. Qxg7#) 24. Kf1 24... Rb8 $11) 23... Kxg7 24.
Qxd5 24... Qe7 $4 (24... Bf5 25. Bd4+ Kh6 26. Qd6+ 26... Bg6 $18) 25. Bd4+ $18
(25. Qxa8 $6 25... Qxe3 26. Nd3 Qg1+ 27. Kd2 27... Re8 $11) 25... Rf6 26. Qxa8
(26. Qxa8 Bf5 27. c4 $18) (26. Ne4 Bb7 27. Bxf6+ Qxf6 28. Qxb7+ Qf7 29. Qxa8
Qxa2 30. Qb7+ Qf7 31. Qb2+ 31... Kf8 $18) 1-0

[Event "Bad Woerishofen op"]
[Site "?"]
[Date "2001.??.??"]
[Round "1"]
[White "Beckers, Manfred"]
[Black "Kistella, Roman"]
[Result "0-1"]
[WhiteElo "1855"]
[BlackElo "2258"]
[Annotator "ChessOrg"]
[PlyCount "80"]
[EventDate "2000.??.??"]

1. d4 {D58: Damengambit (Tartakower-Variante)} 1... d5 2. c4 e6 3. Nc3 Be7 4.
Nf3 Nf6 5. Bg5 O-O 6. e3 h6 7. Bh4 b6 8. Rc1 Bb7 9. Bxf6 Bxf6 10. cxd5 exd5 11.
Bd3 Re8 12. b4 {letzter Buchzug} 12... c5 (12... Nc6 13. Bb5 $15) 13. bxc5 $11
13... bxc5 14. O-O (14. Qb3 Ba6 15. Nxd5 Bxd4 16. Nxd4 16... cxd4 $14) 14... c4
15. Rb1 Bc6 (15... cxd3 $143 16. Rxb7 Re7 17. Rxe7 Bxe7 18. Qb3 $16) 16. Bc2
Na6 17. Ba4 Qd7 18. Rb5 Qd6 (18... Nc7 19. Rb7 Reb8 20. Bxc6 Qxc6 21. Rxb8+
Rxb8 22. Qc2 $15) 19. Ra5 $11 19... Nc7 20. Rc5 Bd7 21. Qc2 Rab8 22. Bxd7 Qxd7
23. Rb1 Rb6 24. h3 Reb8 25. Rxb6 axb6 (25... Rxb6 $143 26. e4 $16) 26. Rxc7
Qxc7 27. Nxd5 Qc6 28. Nxf6+ gxf6 (28... Qxf6 29. Qxc4 Ra8 30. Ne5 $14) 29. Nd2
(29. Nh4 29... h5 $16) 29... c3 30. Nb3 (30. Ne4 $5 $14) 30... Rc8 $15 31. e4
Qd6 32. d5 (32. Qc1 32... c2 $15) 32... Qe5 $17 33. g4 (33. Kh1 $5 $17 $142)
33... Rc4 $19 34. f3 Qg3+ 35. Qg2 Qxg2+ 36. Kxg2 c2 (36... Rb4 37. Nc1 Rb1 38.
Ne2 $19) 37. Nc1 Rd4 38. Kf2 Rd1 39. Nb3 c1=Q (39... Rb1 $142 40. Ke3 Rxb3+ 41.
Kd2 Rxf3 42. Kxc2 Rxh3 43. Kd2 $19) 40. Nxc1 Rxc1 (40... Rxc1 41. Ke2 Rc2+ 42.
Ke3 42... Rxa2 $19) 0-1

[Event "Bad Woerishofen op"]
[Site "Bad Woerishofen"]
[Date "2001.??.??"]
[Round "5"]
[White "Beckers, Manfred"]
[Black "Straub, Peter"]
[Result "0-1"]
[WhiteElo "1855"]
[BlackElo "2068"]
[Annotator "ChessOrg"]
[PlyCount "60"]
[EventDate "1998.03.05"]
[Source "ChessBase"]
[SourceDate "1998.04.29"]

1. d4 {E53: Nimzoindisch (Moderne Variante)} 1... Nf6 2. c4 e6 3. Nc3 Bb4 4. e3
O-O 5. Bd3 d5 6. Nf3 c5 7. a3 cxd4 8. exd4 Bxc3+ 9. bxc3 dxc4 10. Bxc4 Qc7 11.
Qd3 11... b6 {letzter Buchzug} 12. Ne5 (12. Bg5 12... Ne4 $11) 12... Bb7 $15
13. f3 Nbd7 14. Bf4 (14. Nxd7 Nxd7 15. Bb3 15... Rac8 $15) 14... Rac8 (14...
Nh5 $5 15. Bg3 Rfc8 (15... Nxg3 $6 16. hxg3 h6 17. Nxd7 Qxd7 18. Rh3 $15) 16.
Nxd7 Qxc4 17. Qxc4 17... Rxc4 $17) 15. Nxd7 $11 15... Qxd7 16. Rc1 (16. Bb5 $5
$142 16... Qd8 17. Bg5 $11) 16... Qa4 $17 17. Bb5 Qxa3 18. O-O (18. Qc2 $17)
18... Nd5 (18... a6 $5 $142 19. Ra1 Qxc3 20. Qxc3 Rxc3 21. Bxa6 Bxa6 22. Rxa6
22... Nd5 $19) 19. Bd2 $15 19... Qd6 20. Rfe1 Rfd8 21. Re5 (21. Ra1 21... a5
$15) 21... f6 (21... a6 22. Bc4 $17) 22. Rh5 g6 23. Rh6 Kg7 (23... Nf4 24. Qf1
$17) 24. Rh4 Ne7 25. g4 Qd5 26. Re1 Ng8 27. Re4 (27. Ba6 Bxa6 28. Qxa6 28...
Rc7 $17) 27... Qd6 28. Bf4 $4 (28. Re2 $19 $142) 28... e5 $1 29. Rxe5 (29. Bxe5
Bxe4) 29... fxe5 30. Bxe5+ (30. Bg3 h6 31. Rh3 Qa3 32. Bxe5+ 32... Kh7 $19)
30... Qxe5 (30... Qxe5 31. dxe5 Rxd3 32. Bxd3 32... Rxc3 $19) 0-1

[Event "Bad Woerishofen op"]
[Site "Bad Woerishofen"]
[Date "2001.??.??"]
[Round "7"]
[White "Beckers, Manfred"]
[Black "Tschirky, Werner"]
[Result "1-0"]
[WhiteElo "1855"]
[BlackElo "1627"]
[Annotator "ChessOrg"]
[PlyCount "19"]
[EventDate "1998.03.05"]
[Source "ChessBase"]
[SourceDate "1998.04.29"]

1. d4 {E73: Koenigsindisch (Awerbach-Angriff)} 1... Nf6 2. c4 g6 3. Nc3 Bg7 4.
e4 d6 5. Be2 O-O 6. Bg5 Na6 7. e5 dxe5 8. dxe5 8... h6 {letzter Buchzug} 9.
exf6 exf6 10. Be3 (10. Be3 Re8 11. Nf3 $18) 1-0

[Event "Bad Woerishofen op"]
[Site "Bad Woerishofen"]
[Date "2001.??.??"]
[Round "9"]
[White "Beckers, Manfred"]
[Black "Jaenig, Reinhard"]
[Result "0-1"]
[WhiteElo "1855"]
[BlackElo "2090"]
[Annotator "ChessOrg"]
[PlyCount "54"]
[EventDate "1998.03.05"]
[Source "ChessBase"]
[SourceDate "1998.04.29"]

1. d4 {A65: Benoni} 1... Nf6 2. c4 c5 3. d5 e6 4. Nc3 exd5 5. cxd5 d6 6. e4 g6
7. Bg5 Bg7 8. Bd3 O-O 9. Qd2 9... Re8 {letzter Buchzug} 10. Nge2 Nbd7 11. O-O
Ne5 12. f4 (12. Bc2 12... a6 $11) 12... Nxd3 $15 13. Qxd3 Qb6 14. Qb5 Bd7 (
14... Qxb5 $5 15. Nxb5 15... Rxe4 $15) 15. Qxb6 $11 15... axb6 16. Ng3 b5 17.
e5 dxe5 18. Bxf6 Bxf6 19. Nge4 Bg7 20. Nxc5 Bf5 21. Nxb5 Rec8 (21... exf4 22.
Rf2 $11) 22. Rac1 (22. Nxb7 $5 $142 22... Bd3 23. N5d6 Bxf1 24. Nxc8 $11 (24.
Rxf1 $143 24... Rc2 $17) (24. Kxf1 $143 24... Rc7 $17)) 22... exf4 23. Nd6 $4 (
23. Nxb7 $142 23... Rxc1 24. Rxc1 Rxa2 25. b3 $15) 23... Rxc5 $1 24. Rxc5 Bd4+
25. Kh1 Bxc5 26. Nxb7 Be3 27. d6 (27. a3 $19) 27... Be4 (27... Be4 28. h3 28...
Bxb7 $19) 0-1